000
00306nam a22001457a 4500
008
210302b ||||| |||| 00| 0 eng d
020
_a
9780321735867
041
_a
eng
080
_a
573
082
_a
573
100
_a
11
101
_a
BIO
245
_a
Biology The Core
_c
Simon, E.J
942
_2
udc
_c
BK
999
_c
55538
_d
55538